| 000 | 00522 a2200193 4500 | ||
|---|---|---|---|
| 005 | 20250714114932.0 | ||
| 008 | 250425b |||||||| |||| 00| 0 eng d | ||
| 020 | _a9789390715909 | ||
| 080 |
_a34+316.422(54) _bISH/L |
||
| 100 | _aIshwara Bhat, P. | ||
| 245 | _aLaw and social transformation in India | ||
| 250 | _a2nd ed. | ||
| 260 |
_bEBC _aLucknow _c2022 |
||
| 300 | _aLXXX,983p. | ||
| 653 | _aSocial legislation -- India | ||
| 653 | _aCivil rights -- India | ||
| 653 | _aSocial change -- India | ||
| 942 | _cBK | ||
| 999 |
_c114058 _d114057 |
||